السلام وجائزة السلام / (Record no. 15970)
[ view plain ]
| 000 -الفاتح | |
|---|---|
| حقل البيانات ثابتة الطول | 00689nam a22001817a 4500 |
| 008 - عناصر البيانات ثابتة الطول - معلومات عامة | |
| حقل البيانات ثابتة الطول | 110907t xxu||||| |||| 00| 0 ara d |
| 020 ## - الرقم الدولى المعيارى للكتب | |
| الرقم الدولى المعيارى للكتاب | 9772472457 |
| 082 ## - رقم تصنيف ديوى العشرى | |
| رقم الطبعة | 22 |
| رقم التصنيف | 001.44 |
| رقم المادة | ن و ي |
| 100 ## - المدخل الرئيسى - إسم شخصى | |
| 9 (RLIN) | 27046 |
| الإسم الشخصى | نويه ، عثمان |
| 245 ## - بيان العنوان | |
| العنوان | السلام وجائزة السلام / |
| بيان المسئوليه,etc | عثمان نويه |
| 260 ## - PUBLICATION, DISTRIBUTION, ETC. (IMPRINT) | |
| مكان الناشر او الموزع | الإسكندرية : |
| اسم الناشر او الموزع | دار المعارف ، 1978 |
| تاريخ النشر أو التوزيع | 1978 |
| 300 ## - الوصف المادى | |
| التعداد | 61 ص ؛ |
| أبعاد الوعاء | 16 سم |
| 490 ## - بيان السلسلة | |
| -- | 27045 |
| عنوان السلسلة | ؛كتابك |
| -- | 39 |
| 650 ## - المدخل الاضافى بالموضوع-مصطلح موضوعى | |
| 9 (RLIN) | 27047 |
| مصطلح موضوعي أو اسم جغرافي كعنصر مدخل | جائزة نوبل |
| 653 ## - مصطلح تكشيفى غير مقيد | |
| Resource For college | |
| 942 ## - عناصر المدخل الإضافي( كوها) | |
| مصدر التصنيف او مخطط الترفيف | Dewey Decimal Classification |
| Koha [default] item type | Book - Borrowing |
| حالة التراجع | حالة الفقد | مصدر التصنيف او خطة الترفيف | حالة تلف | ليس للاعارة | مجموعات كوها | المكان الدائم | المكان الحالي | موقع الترفيف | تاريخ الاكتساب | Source of acquisition | رقم الاستدعاء | الباركود | Date last seen | نوع الوعاء |
|---|---|---|---|---|---|---|---|---|---|---|---|---|---|---|
| Dewey Decimal Classification | Alef-Baa | Central Library | Central Library | Lower Floor | 07/09/2011 | 001.44 ن و ي | 000024683 | 15/07/2025 | Book - Borrowing |